000 00932nam a2200229 a 4500
001 39178
003 BD-RjUL
005 20211209052932.0
008 160405s2008 bg ||||e |||| 00| 0 ben d
020 _a9847000000859
_c: Tk.150.00
035 _a(BD-RjUL) 39290
040 _aBD-RjUL
_bben
_cBD-RjUL
041 _aben
082 _223
_a891.443009
_bALB 2008
100 _aআলী, মোবাশ্বের
_9120654
245 1 0 _aবঙ্কিমচন্দ্রের জীবন ও সাহিত্যকৃতি /
_cমোবাশ্বের আলী
260 _aঢাকা :
_bজাতীয় সাহিত্য প্রকাশ ;
_c২০০৮
300 _a১৫৬ পৃ. ;
_c২২ সেমি.
650 _aবাংলা সাহিত্য
_9120858
_vইতিহাস ও সমালোচনা
650 _aBengali Fiction
_9120859
_vHistory and criticism
942 _2ddc
_cBK
_01
999 _c39178
_d39178